书目信息 |
| 题名: |
近代解析应用数学基础
|
|
| 作者: | 王长清 编著 | |
| 分册: | ||
| 出版信息: | 西安 西安电子科技大学出版社 2001.10 |
|
| 页数: | 442页 | |
| 开本: | 21cm | |
| 丛书名: | ||
| 单 册: | ||
| 中图分类: | O174.55 | |
| 科图分类: | ||
| 主题词: | 解析函数--研究生--教材 | |
| 电子资源: | ||
| ISBN: | 7-5606-1027-7 | |
| 000 | 01246nam0 2200241 450 | |
| 001 | 0120311111 | |
| 005 | 20050913104321.19 | |
| 010 | @a7-5606-1027-7@dCNY18.00 | |
| 100 | @a20031005d2001 km y0chiy0120 ea | |
| 101 | 0 | @achi |
| 102 | @aCN@b610000 | |
| 105 | @ay a 000yy | |
| 200 | 1 | @a近代解析应用数学基础@Ajin dai jie xi ying yong shu xue ji chu@f王长清编著@Fwang chang qing bian zhu |
| 210 | @a西安@c西安电子科技大学出版社@d2001.10 | |
| 215 | @a442页@d21cm | |
| 300 | @a研究生系列教材 | |
| 320 | @a有书目 (第441-442页)。 | |
| 330 | @a本书是为理工科研究生学习现代解析数学及其应用基础知识而编写的它以泛函分析为主线,与几个方面的应用相结合,形成了一个统一的有机整体主要内容包括集合与映射、几类常用的抽象空间的概念和性质,线性算子和线性泛函的基本知识;泛函的极值问题,优化方法及变分法的基础理论和方法;算子方程的性质和近似数值解法(变分原理,有限元法和加权余量法等);广义函数的基本概念、基本运算和Fourier变换等,还包括Sobolev空间的简要介绍,小波变换和小波分析(窗口Fourier变换、连续小波变换、离散小波变换、多分辨分析和小波正交基,小波算法等)。 | |
| 606 | 0 | @a解析函数@x研究生@x教材 |
| 690 | @aO174.55@v4 | |
| 701 | 0 | @a王长清@Awang chang qing@4编著 |
| 801 | 0 | @aCN@bQSSK@c20050913 |
| 905 | @a10447@dO174.55@eW125 | |
| 近代解析应用数学基础/王长清编著.-西安:西安电子科技大学出版社,2001.10 |
| 442页;21cm |
| 研究生系列教材 |
| ISBN 7-5606-1027-7:CNY18.00 |
| 本书是为理工科研究生学习现代解析数学及其应用基础知识而编写的它以泛函分析为主线,与几个方面的应用相结合,形成了一个统一的有机整体主要内容包括集合与映射、几类常用的抽象空间的概念和性质,线性算子和线性泛函的基本知识;泛函的极值问题,优化方法及变分法的基础理论和方法;算子方程的性质和近似数值解法(变分原理,有限元法和加权余量法等);广义函数的基本概念、基本运算和Fourier变换等,还包括Sobolev空间的简要介绍,小波变换和小波分析(窗口Fourier变换、连续小波变换、离散小波变换、多分辨分析和小波正交基,小波算法等)。 |
| ● |
| 相关链接 |
|
|
|
正题名:近代解析应用数学基础
索取号:O174.55/W125
 
预约/预借
| 序号 | 登录号 | 条形码 | 馆藏地/架位号 | 状态 | 备注 |
| 1 | 562728 | 205627286 | 自科库401/401自科库 45排1列3层/ [索取号:O174.55/W125] | 在馆 | |
| 2 | 562729 | 205627295 | 自科二线504/110考试书库 3排2列4层/ [索取号:O174.55/W125] | 在馆 | |
| 3 | 562730 | 205627302 | 自科库401/401自科库 45排1列3层/ [索取号:O174.55/W125] | 在馆 |